书目信息 |
| 题名: |
园艺产品质量分析
|
|
| 作者: | 李桂荣 主编 | |
| 分册: | ||
| 出版信息: | 北京 中国农业出版社 2017.11 |
|
| 页数: | 246页 | |
| 开本: | 23cm | |
| 丛书名: | ||
| 单 册: | ||
| 中图分类: | S609 | |
| 科图分类: | ||
| 主题词: | 园艺作物--质量分析 | |
| 电子资源: | ||
| ISBN: | 978-7-109-23525-0 | |
| 000 | 01011nam0 2200229 450 | |
| 001 | 1113 | |
| 005 | 20180927120855.21 | |
| 010 | @a978-7-109-23525-0@dCNY50.00 | |
| 100 | @a20180612d2017 em y0chiy50 ea | |
| 101 | 0 | @achi |
| 102 | @aCN@b110000 | |
| 105 | @aa z 000yy | |
| 200 | 1 | @a园艺产品质量分析@9yuan yi chan pin zhi liang fen xi@f李桂荣主编 |
| 210 | @a北京@c中国农业出版社@d2017.11 | |
| 215 | @a246页@c图@d23cm | |
| 300 | @a园艺专业职教师资培养资源开发项目 教育部、财政部职业院校教师素质提高计划——园艺专业职教师资培养资源开发项目成果 | |
| 330 | @a本书分为园艺产品品质分析和园艺产品的安全监测两个能力单元,其中园艺产品品质分析分为两个能力模块,10个任务;园艺产品的安全监测分为两个能力模块,5个任务。主要内容包括:园艺产品感官品质检测、园艺产品营养成分检测分析、园艺产品有毒有害物质的检验分析、转基因园艺产品的安全性分析。 | |
| 606 | 0 | @a园艺作物@x质量分析 |
| 690 | @aS609@v5 | |
| 701 | 0 | @a李桂荣@9li gui rong@c(女,@f1974-)@4主编 |
| 801 | 0 | @aCN@b91MARC@c20180612 |
| 905 | @aMuseLib@dS609@e456 | |
| 园艺产品质量分析/李桂荣主编.-北京:中国农业出版社,2017.11 |
| 246页:图;23cm |
| 园艺专业职教师资培养资源开发项目 教育部、财政部职业院校教师素质提高计划——园艺专业职教师资培养资源开发项目成果 |
| ISBN 978-7-109-23525-0:CNY50.00 |
| 本书分为园艺产品品质分析和园艺产品的安全监测两个能力单元,其中园艺产品品质分析分为两个能力模块,10个任务;园艺产品的安全监测分为两个能力模块,5个任务。主要内容包括:园艺产品感官品质检测、园艺产品营养成分检测分析、园艺产品有毒有害物质的检验分析、转基因园艺产品的安全性分析。 |
| ● |
| 相关链接 |
|
|
|
|
正题名:园艺产品质量分析
索取号:S609/456
 
预约/预借
| 序号 | 登录号 | 条形码 | 馆藏地/架位号 | 状态 | 备注 |
| 1 | 1121229 | 211212294 | 第二样本阅览室/ [索取号:S609/456] | 在馆 | |
| 2 | 1121230 | 211212301 | 第三借阅区/ [索取号:S609/456] | 在馆 | |
| 3 | 1121231 | 211212310 | 第三借阅区/ [索取号:S609/456] | 在馆 | |
| 4 | 1121232 | 211212329 | 第三借阅区/ [索取号:S609/456] | 在馆 | |
| 5 | 1121233 | 211212338 | 第三借阅区/ [索取号:S609/456] | 在馆 |